[Event "TCh-TUR 2011"]
[Site "Konya TUR"]
[Date "2011.07.07"]
[Round "11"]
[White "Atakisi,U"]
[Black "Inarkiev,E"]
[Result "0-1"]
[WhiteElo "2370"]
[BlackElo "2679"]

1.e4 c5 2.Nf3 e6 3.Nc3 a6 4.d4 cxd4 5.Nxd4 d6 6.g3 b5 7.Bg2 Bb7 8.O-O Nd7
9.Re1 Be7 10.a4 bxa4 11.Rxa4 Qc7 12.Qh5 g6 13.Qa5 Rc8 14.Qxc7 Rxc7 15.Nb3 Nb6
16.Rb4 Nc4 17.f4 Kf8 18.Bf1 d5 19.Rxb7 Rxb7 20.exd5 Rc7 21.dxe6 Nf6 22.f5 gxf5
23.Bh6+ Kg8 24.Bg2 fxe6 25.Rxe6 Kf7 26.Rxa6 Rd7 27.Bc6 Rdd8 28.Ra7 Rhg8 29.Bb5 Nd6
30.Bd3 Ra8 31.Rxa8 Rxa8 32.Bf4 Nde4 33.Bc4+ Kg6 34.Ne2 Rc8 35.Bd3 Nd5 36.Be5 Bf6
37.Bxf6 Kxf6 38.c3 Rb8 39.Ned4 Ne3 40.Bxe4 fxe4 41.Nc5 Re8 42.Nb5 Nf5 43.g4 e3
44.gxf5 e2 45.Nd3 e1=Q+ 46.Nxe1 Rxe1+ 47.Kf2 Rb1 48.b4 Kxf5 49.Kf3 Rf1+ 50.Ke3 Re1+
51.Kd4 Ke6 52.Kc5 Kd7 53.c4 Re6 54.Nc3 Rh6 55.Nd5 Rxh2 56.b5 h5 57.b6 h4
58.Nf6+ Kc8 59.Kd6 h3 60.c5 Rd2+ 61.Kc6 h2  0-1

[Event "111th ch-SUI"]
[Site "Leukerbad SUI"]
[Date "2011.07.07"]
[Round "1"]
[White "Portmann,D"]
[Black "Zueger,B"]
[Result "0-1"]
[WhiteElo "2036"]
[BlackElo "2407"]

1.Nc3 c5 2.e4 e6 3.Nf3 a6 4.d4 cxd4 5.Nxd4 b5 6.Bd3 Bb7 7.a4 b4 8.Nce2 Nf6
9.f3 Bc5 10.Be3 Qc7 11.Qd2 O-O 12.Nb3 d6 13.O-O Nbd7 14.c3 d5 15.Nxc5 Nxc5
16.e5 Nfd7 17.Nd4 Nxd3 18.Qxd3 Nxe5 19.Qe2 Qc4 20.Bf4 Nd3 21.Bd6 Rfd8 22.Bg3 a5
23.Nb5 Nc5 24.Qe3 Nxa4 25.Nd6 Qc5 26.Qxc5 Nxc5 27.cxb4 axb4 28.Rxa8 Bxa8
29.Ra1 Nd3 30.Ra7 f5 31.Kf1 f4 32.Bh4 Rxd6 33.Rxa8+ Kf7 34.Ra7+ Kg6 35.Rb7 Rc6
36.Be7 Rc2 37.Bf8 Rf2+ 38.Kg1 Rxb2 39.Rxg7+ Kf6 40.g4 fxg3 41.Rxg3 Rb1+ 42.Kg2 b3
43.Bg7+ Kf5 44.h4 e5  0-1

[Event "86th ch-Paris IdF"]
[Site "Paris FRA"]
[Date "2011.07.07"]
[Round "6.1"]
[White "Felgaer,R"]
[Black "Fedorchuk,S"]
[Result "0-1"]
[WhiteElo "2573"]
[BlackElo "2618"]

1.e4 c5 2.Nf3 e6 3.d4 cxd4 4.Nxd4 a6 5.Nc3 Qc7 6.Bd3 Nf6 7.O-O d6 8.f4 Nbd7
9.Kh1 b5 10.Qe1 Bb7 11.Bd2 Be7 12.a4 b4 13.Nd1 Nc5 14.Nf2 a5 15.Bb5+ Nfd7
16.c3 bxc3 17.Bxc3 Bh4 18.e5 O-O 19.exd6 Qxd6 20.Rd1 Qxf4 21.Bc6 Qc7 22.Qe3 Bxf2
23.Rxf2 Ne4 24.Re2 Nxc3 25.bxc3 Nf6 26.Rf1 Rac8 27.Nb5  0-1

[Event "Faustino Paniagua Memorial"]
[Site "Asuncion URU"]
[Date "2011.07.08"]
[Round "1.2"]
[White "Jimenez,Joa"]
[Black "Valiente,C"]
[Result "0-1"]
[WhiteElo "2234"]
[BlackElo "2262"]

1.e4 c5 2.Nf3 e6 3.d4 cxd4 4.Nxd4 a6 5.Nc3 Qc7 6.Be2 Nf6 7.O-O Be7 8.a4 Nc6
9.Be3 O-O 10.Nb3 b6 11.f4 d6 12.Bf3 Bb7 13.Qe1 Rfe8 14.Qf2 Nd7 15.Rfd1 Bf8
16.Rd2 Nc5 17.Rad1 Rad8 18.Nc1 g6 19.N1a2 Bg7 20.Rb1 Rc8 21.b4 Nd7 22.Rd3 Ncb8
23.Qd2 e5 24.f5 gxf5 25.Bh6 f4 26.Bxg7 Kxg7 27.Rxd6 Nf6 28.Rd1 Re6 29.Rd3 Rc6
30.Qf2 Nbd7 31.Qh4 Nf8 32.Nd5 Nxd5 33.exd5 Rxc2 34.d6 Qd7 35.Qg5+ Ng6 36.Bxb7 Qxb7
37.d7 Rd8 38.Nc3 h6 39.Qg4 Qc6 40.Qf3 Qxf3 41.gxf3 f5 42.R1d2 Rxd2 43.Rxd2 Nf8
44.Rd6 Nxd7 45.Nd5 Kf7 46.Nxb6 Ke7 47.Rxh6 Nf6 48.Nc4 e4 49.b5 axb5 50.axb5 exf3
51.Rh3 Rd3 52.b6 f2+ 53.Kxf2 Rxh3 54.b7 Rxh2+ 55.Kf3 Nd7  0-1

[Event "e2e4 ch-IRL"]
[Site "Dublin IRL"]
[Date "2011.07.08"]
[Round "7"]
[White "O'Connor,Jon"]
[Black "Daly,C"]
[Result "0-1"]
[WhiteElo "2124"]
[BlackElo "2305"]

1.e4 c5 2.Nf3 e6 3.d4 cxd4 4.Nxd4 a6 5.Nc3 Qc7 6.Bd3 Bb4 7.Bd2 Nf6 8.O-O Be7
9.Kh1 b5 10.a4 b4 11.Na2 Bb7 12.Qe2 Qb6 13.c3 bxc3 14.bxc3 d6 15.Rab1 Qc7
16.Nb4 O-O 17.f3 Nfd7 18.Rb2 Nc5 19.Bc2 Nbd7 20.Rfb1 Rfe8 21.Nd3 Bf8 22.Nxc5 Nxc5
23.Rb4 Bc6 24.Nxc6 Qxc6 25.Rb6 Qc7 26.Qc4 Rec8 27.Qd4 Rd8 28.Be1 Rac8 29.Bd1 g6
30.Be2 Bg7 31.Qb4 a5 32.Qb5 d5 33.Bh4 Rd7 34.exd5 Rxd5 35.c4 Rh5 36.g3 Nd7
37.Qa6 Nxb6 38.Qxb6 Qxb6 39.Rxb6 Re5 40.Bf1 g5 41.f4 Re1  0-1

[Event "Karvina Open"]
[Site "Karvina CZE"]
[Date "2011.07.08"]
[Round "7.27"]
[White "Didi,J"]
[Black "Fuskova,M"]
[Result "1-0"]
[WhiteElo "2028"]
[BlackElo "1677"]

1.e4 c5 2.Nf3 e6 3.d4 cxd4 4.Nxd4 a6 5.Nc3 Qc7 6.Bd3 Nf6 7.O-O Bc5 8.Be3 d6
9.Qe2 Nbd7 10.f4 b5 11.Nb3 Bxe3+ 12.Qxe3 Bb7 13.Kh1 O-O 14.a3 Rac8 15.Rae1 e5
16.fxe5 Nxe5 17.Qg3 Rfe8 18.Rxf6 Kh8 19.Rff1 Re6 20.Nd4 Rg6 21.Qf4 Rf6 22.Nf5 Qd8
23.Qd2 Rg6 24.Nd5  1-0

[Event "TCh-TUR 2011"]
[Site "Konya TUR"]
[Date "2011.07.08"]
[Round "12"]
[White "Emiroglu,C"]
[Black "Komut,K"]
[Result "1/2-1/2"]
[WhiteElo "2216"]
[BlackElo "1917"]

1.e4 c5 2.Nf3 e6 3.d4 cxd4 4.Nxd4 a6 5.Nc3 b5 6.g3 Bb7 7.Bg2 Nf6 8.a3 Qc7
9.O-O d6 10.f4 Nbd7 11.Re1 e5 12.Nf5 g6 13.Ne3 Bg7 14.f5 O-O 15.g4 Rfd8 16.g5 Nh5
17.f6 Bf8 18.Ned5 Bxd5 19.Nxd5 Qc6 20.Bf3 Nb6 21.Bxh5 gxh5 22.Nxb6 Qxb6+
23.Be3 Qc6 24.Qd5 Qxd5 25.exd5 Rac8 26.Re2 Rc4 27.Rf1 Rdc8 28.Rff2 Rb8 29.b3 Rc3
30.Kg2 Rbc8 31.h4 a5 32.Bb6 a4 33.Ba5 R3c5 34.Rd2 axb3 35.cxb3 h6 36.Bb4 Rc1
37.Rf1 hxg5 38.Rxc1 Rxc1 39.hxg5 Kh7 40.Ra2 Kg6 41.a4 bxa4 42.bxa4 Rc8 43.Bd2 Kf5
44.a5 Ke4 45.a6 Kxd5 46.a7 Ra8 47.Be3 Kc6 48.Rb2 Kc7 49.Rb5 d5 50.Rxd5 Bd6
51.Kh3 Kc6 52.Ra5 Bc7 53.Ra2 Kd5 54.Ra4 Ke6 55.Rc4 Bd6 56.Kh4 Kf5 57.Rc6 Ba3
58.Rc7 Kg6 59.Rb7 Bd6 60.Kh3 Kf5 61.Kh4 Ba3 62.Rc7 Kg6 63.Rb7 Bd6 64.Rd7 Ba3
65.Kg3 Bb2 66.Rb7 Bd4 67.Kf3 Bxe3 68.Kxe3 h4 69.Kf3 Kxg5 70.Rxf7 Kg6 71.Rb7 Kxf6
72.Kg4 e4 73.Kxh4 Ke5 74.Kg3 Kd4 75.Kf2 Kc5 76.Ke3 Kc6 77.Re7 Kb6 78.Kd4  1/2-1/2

[Event "ch-Central Serbia Int Open A"]
[Site "Paracin SRB"]
[Date "2011.07.08"]
[Round "1.52"]
[White "Majeric,Z"]
[Black "Grbic,Br"]
[Result "1-0"]
[WhiteElo "2278"]
[BlackElo "1922"]

1.e4 c5 2.Nf3 e6 3.d4 cxd4 4.Nxd4 a6 5.Nc3 Qc7 6.g3 Nf6 7.Bg2 Bc5 8.O-O O-O
9.Nb3 Ba7 10.Bf4 e5 11.Bg5 Qc6 12.Qf3 Bb6 13.Bxf6 Qxf6 14.Qxf6 gxf6 15.Nd5 Bd8
16.Bh3 b6 17.Rad1 Nc6 18.c3 d6 19.Bxc8 Rxc8 20.Rd3 Kg7 21.Ne3 Bc7 22.Nf5+ Kg6
23.Rfd1 Rcd8 24.Nd2 Rd7 25.Nc4 Rfd8 26.Ncxd6 Na5 27.b3 Nb7 28.Nxb7 Rxd3 29.Rxd3 Rxd3
30.Ne7+ Kg5 31.Nd5 Bb8 32.c4 f5 33.Nxb6 Ba7 34.c5 Rc3 35.Nc4 Kf6 36.c6 Ke7
37.exf5 Rc2 38.f6+ Ke8 39.Kh1 Bxf2 40.Nbd6+ Kd8 41.Nxf7+ Kc7 42.Nfxe5 Bd4
43.g4 Bxe5 44.Nxe5 Rf2 45.f7 Kd6 46.Kg1 Rf4 47.Kg2 a5 48.a3 h6 49.h4 Kc7
50.g5 hxg5 51.hxg5 Rf5 52.g6  1-0

[Event "86th ch-Paris IdF"]
[Site "Paris FRA"]
[Date "2011.07.08"]
[Round "7.3"]
[White "Dourerassou,J"]
[Black "David,Alb"]
[Result "1/2-1/2"]
[WhiteElo "2413"]
[BlackElo "2609"]

1.e4 c5 2.Nf3 e6 3.d4 cxd4 4.Nxd4 a6 5.Nc3 Qc7 6.Be2 b5 7.a3 Nf6 8.f4 d6
9.O-O Bb7 10.Bf3 Nbd7 11.Qe1 h5 12.h3 Rc8 13.Be3 Be7 14.Rd1 g6 15.e5 dxe5
16.fxe5 Nh7 17.Qg3 h4 18.Qf2 Nxe5 19.Bxb7 Qxb7 20.Qf4 Qb8 21.Qh6 Bf8 22.Qxh4 Bg7
23.Nxe6 fxe6 24.Ne4 Rc4 25.b3 Ng5 26.Bxg5 Nf3+ 27.Rxf3 Rxh4 28.Nd6+ Kd7 29.Rf7+ Kc6
30.Nxc4 Rd4 31.Na5+ Kb6 32.Be3 Kxa5 33.Bxd4 Bxd4+ 34.Rxd4 Qb6 35.Rd7 e5 36.Rd6 Qa7
37.Rd7 Qb6 38.Rd6 Qa7 39.Rd7  1/2-1/2

[Event "86th ch-Paris IdF"]
[Site "Paris FRA"]
[Date "2011.07.08"]
[Round "7.9"]
[White "Bissieres,M"]
[Black "Kalegin,E"]
[Result "0-1"]
[WhiteElo "2352"]
[BlackElo "2477"]

1.e4 c5 2.Nf3 e6 3.d4 cxd4 4.Nxd4 a6 5.Nc3 Qc7 6.f4 b5 7.Bd3 Bb7 8.Bd2 Nc6
9.Nb3 d6 10.Qf3 Nf6 11.O-O-O d5 12.e5 Nd7 13.Kb1 Nb6 14.Qf2 Nc4 15.Bc1 Rc8
16.Rhf1 g6 17.g4 Bg7 18.h4 Qb6 19.Qxb6 Nxb6 20.Nc5 Rb8 21.a4 Nxa4 22.N3xa4 bxa4
23.Nxa4 Bf8 24.Be3 Bc8 25.b3 Nb4 26.Be2 Bd7 27.Nb6 Bb5 28.c4 dxc4 29.bxc4 Bc6
30.Rd2 Be7 31.Rb2 O-O 32.Rd1 a5 33.Nd7 Be4+ 34.Kc1 Na2+ 35.Rxa2 Rb1+  0-1

[Event "86th ch-Paris IdF"]
[Site "Paris FRA"]
[Date "2011.07.08"]
[Round "7.14"]
[White "Bajarani,U"]
[Black "Bossard,A"]
[Result "1-0"]
[WhiteElo "2424"]
[BlackElo "2212"]

1.e4 c5 2.Nf3 e6 3.d4 cxd4 4.Nxd4 a6 5.Nc3 Qc7 6.Be2 Nf6 7.O-O Be7 8.f4 d6
9.Be3 O-O 10.Kh1 Nc6 11.a4 Re8 12.Bd3 Nxd4 13.Bxd4 e5 14.Bg1 Be6 15.f5 Bc4
16.a5 Rac8 17.g4 d5 18.Bb6 Qc6 19.Bxc4 dxc4 20.Qf3 h6 21.Rad1 Bd8 22.h4 Bxb6
23.axb6 Nd7 24.g5 Nxb6 25.f6 g6 26.h5 Kh7 27.Qh3 Rg8 28.gxh6 Rce8 29.Rd2 Qe6
30.Qxe6 Rxe6 31.Rg2 g5 32.Nd1 Kxh6 33.Ne3 Kh7 34.Ng4 Nc8 35.Re2 Rd8 36.Rf5 Nd6
37.Rxg5 Rg8 38.Rxg8 Kxg8 39.Kg2 Ne8 40.Rf2 b5 41.c3 Kh7 42.Rf5 Nd6 43.Rg5 Ne8
44.Rxe5 Rxe5 45.Nxe5 Nxf6 46.Kf3 Nxh5 47.Nxf7 Kg7 48.Ng5 Kf6 49.Kg4 Ng7 50.Nf3 Ne6
51.e5+ Ke7 52.Kf5 Nc5 53.Nd4 Na4 54.Nc6+ Ke8 55.Nb4 Nxb2 56.Nxa6 Kd7 57.Kf6 Nd3
58.e6+ Kd6 59.e7 Kd7 60.Nc7  1-0

[Event "Asian Zonal 3.1 Men"]
[Site "Sharjah UAE"]
[Date "2011.07.08"]
[Round "4"]
[White "El Jawich,A"]
[Black "Omar,Noa"]
[Result "0-1"]
[WhiteElo "2125"]
[BlackElo "2296"]

1.e4 c5 2.Nf3 e6 3.d4 cxd4 4.Nxd4 a6 5.Nc3 Qc7 6.Bd3 Nc6 7.Nxc6 dxc6 8.O-O Nf6
9.Qe2 e5 10.f4 Ng4 11.h3 Bc5+ 12.Kh1 h5 13.Na4 Ba7 14.b4 a5 15.b5 Bd7 16.Rb1 cxb5
17.Bxb5 Rd8 18.fxe5 Qxe5 19.Bxd7+ Rxd7 20.Bf4 Qd4 21.Nb2 g5 22.Bg3 Qe3 23.Qxe3 Nxe3
24.Rf2 Rh6 25.Re2 Rb6 26.Bf2 Rxb2 27.Rxb2 Nd1 28.Bxa7 Nxb2 29.Be3 f6 30.c3 Rd1+
31.Kh2 Nc4 32.Bd4 Rd2 33.Rxd2 Nxd2 34.Bxf6 Nxe4 35.Bd4 Kd7 36.a4 Kc6 37.g4 hxg4
38.hxg4 Nc5 39.Be3 Nxa4 40.Bxg5 Nc5 41.Bc1 a4 42.g5 Kd5 43.g6 Ke6 44.Kg3 Ne4+
45.Kf4 Nxc3 46.Kg5 Nd5 47.Ba3 Nf6 48.Kh6 b6 49.Bb4 Ne8 50.Kh7 Kf5 51.Be7 Ke6
52.Ba3 Nf6+ 53.Kh6 Ng4+ 54.Kh7 Nf6+ 55.Kh6 Ne8 56.Kh7 Kf6 57.Bb4 Kg5 58.Bd2+ Kh5
59.Bc3 a3 60.Bd4 a2 61.Bc3 b5 62.Ba1 b4 63.Bb2 Kg5 64.Ba1 b3 65.Bb2 Kf5 66.Ba1 Ke4  0-1

[Event "SPA Open A"]
[Site "Amsterdam NED"]
[Date "2011.07.09"]
[Round "1"]
[White "Friedel,J"]
[Black "Osterwald,E"]
[Result "1-0"]
[WhiteElo "2531"]
[BlackElo "2200"]

1.e4 c5 2.Nf3 e6 3.d4 cxd4 4.Nxd4 a6 5.Nc3 Qc7 6.Bd3 Nc6 7.Nxc6 dxc6 8.O-O Nf6
9.f4 Be7 10.e5 Nd5 11.Ne4 c5 12.c4 Nb4 13.Bb1 O-O 14.Bd2 Nc6 15.Bc3 b5 16.Nf6+ Bxf6
17.Bxh7+  1-0

[Event "Karvina Open"]
[Site "Karvina CZE"]
[Date "2011.07.09"]
[Round "8.23"]
[White "Chromik,T"]
[Black "Didi,J"]
[Result "0-1"]
[WhiteElo "1808"]
[BlackElo "2028"]

1.e4 c5 2.Nf3 e6 3.d4 cxd4 4.Nxd4 a6 5.Nc3 Qc7 6.Bd3 Nf6 7.O-O b5 8.a3 Bb7
9.Kh1 Bc5 10.Nb3 Ba7 11.f4 d6 12.Bxb5+ axb5 13.Nxb5 Qc6 14.Nxd6+ Ke7 15.Nxb7 Qxb7
16.e5 Ne4 17.Qf3 Rd8 18.Be3 Na6 19.Rad1 Nec5 20.Qxb7+ Nxb7 21.Bxa7 Rxa7 22.Nd4 Nb8
23.Nb5 Ra4 24.Rxd8 Nxd8 25.b4 Ndc6 26.Rd1 f6 27.exf6+ gxf6 28.Kg1 Na7 29.Nxa7 Rxa7
30.Rd3 Rc7 31.c3 Nd7 32.a4 Nb6 33.a5 Nd5 34.a6 Nxf4 35.Rf3 Nd5 36.Rd3 Nb6
37.Kf2 Ra7 38.b5 Rc7 39.Ke2 Rc5 40.Rh3 h5 41.g4 hxg4 42.Rh7+ Kf8 43.Rh8+ Kf7
44.Rb8 Rxb5 45.Kd3 Rb2 46.Rb7+ Kg6 47.a7 Rxh2 48.Rxb6 Ra2 49.Rxe6 Rxa7 50.Re2 Rd7+
51.Kc2 f5 52.c4 f4  0-1

[Event "Oberwart Open"]
[Site "Oberwart AUT"]
[Date "2011.07.09"]
[Round "1.32"]
[White "Schwarhofer,C"]
[Black "Kersten,Julian"]
[Result "1-0"]
[WhiteElo "2264"]
[BlackElo "1992"]

1.e4 c5 2.Nf3 e6 3.Nc3 a6 4.d4 cxd4 5.Nxd4 Qc7 6.Be2 Nf6 7.O-O b5 8.Bf3 e5
9.Nd5 Nxd5 10.exd5 d6 11.Nc6 Bb7 12.a4 bxa4 13.Rxa4 Qd7 14.b4 Nxc6 15.dxc6 Bxc6
16.Ra5 Be7 17.b5 Bb7 18.Qd3 Bxf3 19.Qxf3 Qc8 20.b6 Rb8 21.Be3 Bd8 22.Rb1 O-O
23.Qe2 f6 24.Rxa6 Rf7 25.Qb5 Qd7 26.Qd5 Kf8 27.Ra8 Rb7 28.Bc5 Ke7 29.Bxd6+ Ke8
30.c4 Qf5 31.Rxd8+ Kxd8 32.Bc7+ Kc8 33.Qd8+  1-0

[Event "ch-Central Serbia Int Open B"]
[Site "Paracin SRB"]
[Date "2011.07.09"]
[Round "2.9"]
[White "Kostic,Tomislav"]
[Black "Djordjevic,Da"]
[Result "0-1"]
[WhiteElo "1768"]
[BlackElo "1996"]

1.e4 c5 2.Nf3 e6 3.d4 cxd4 4.Nxd4 a6 5.Nc3 Qc7 6.Be3 Bb4 7.Qd2 Nf6 8.f3 d5
9.Bd3 b5 10.a3 Bxc3 11.bxc3 Bb7 12.exd5 Nxd5 13.Ne2 Nxe3 14.Qxe3 Nd7 15.O-O Nf6
16.a4 bxa4 17.Rxa4 h6 18.Rfa1 Nd5 19.Qd2 Qb6+ 20.Kh1 O-O 21.Rg4 Qe3 22.Qxe3 Nxe3
23.Rga4 Rfd8 24.Nd4 e5 25.Nb3 Nd5 26.Nc5 Bc6 27.Rxa6 Nxc3 28.Rxa8 Bxa8 29.Re1 Rd5
30.Ne4 Na4 31.Ra1 Bc6 32.Rb1 Rd8 33.Kg1 f5 34.Nf2 g6 35.Re1 Re8 36.Bc4+ Kg7
37.Nd3 Kf6 38.Nb4 Nb6 39.Bb3 Bb7 40.Rd1 Ke7 41.Nd5+ Bxd5 42.Bxd5 Rd8 43.c4 Nxc4
44.Rc1 Ne3 45.Bb3 Rd3 46.Ba4 Rd2 47.g3 Rg2+ 48.Kh1 Rf2 49.Kg1 Rxf3 50.Bc6 e4
51.Bb5 Nd5 52.Rc6 Rb3 53.Bc4 Rb1+ 54.Kf2 Rb2+ 55.Kg1 Ne3 56.Ba6 Rg2+ 57.Kh1 Rc2
58.Rxc2 Nxc2 59.Kg2 Kd6 60.Bc4 Ne3+  0-1

[Event "ch-Central Serbia Int Open B"]
[Site "Paracin SRB"]
[Date "2011.07.09"]
[Round "3.19"]
[White "Milosavljevic,Milic"]
[Black "Znidaric,Anze"]
[Result "1-0"]
[WhiteElo "1881"]
[BlackElo "1706"]

1.Nc3 c5 2.Nf3 e6 3.d4 cxd4 4.Nxd4 a6 5.e4 Qc7 6.Bd3 Nf6 7.O-O Nc6 8.Nxc6 bxc6
9.Qe2 d5 10.exd5 cxd5 11.Bg5 Bb7 12.Bxf6 gxf6 13.Qh5 Bd6 14.Rfe1 Be5 15.Kh1 Ke7
16.Nd1 d4 17.f3 Rag8 18.Nf2 Rg5 19.Qh4 h5 20.Ne4 Bxe4 21.Bxe4 Bf4 22.Bd3 Be3
23.c3 Bd2 24.Re2 dxc3 25.bxc3 Bxc3 26.Rc1 Qa5 27.Qc4 Rc5 28.Qxa6 Qxa6 29.Bxa6 Bd4
30.Rxc5 Bxc5 31.Rc2 Rb8 32.g3 Bd6 33.Kg2 f5 34.a4 e5 35.Bd3 Rb4 36.a5 Ra4
37.a6 e4 38.fxe4 fxe4 39.Be2 Ke6 40.Rc4 Rxa6 41.Rxe4+ Kd5 42.Bf3 Kc5 43.Bxh5 f6
44.Be2 Be5 45.Bxa6  1-0

[Event "ch-Central Serbia Int Open A"]
[Site "Paracin SRB"]
[Date "2011.07.09"]
[Round "3.23"]
[White "Stankovic,Milo"]
[Black "Markovic,Sa"]
[Result "1-0"]
[WhiteElo "2364"]
[BlackElo "2198"]

1.e4 c5 2.Nf3 e6 3.Nc3 a6 4.d4 cxd4 5.Nxd4 Qc7 6.g3 Nf6 7.Bg2 Nc6 8.O-O h5
9.Re1 Rb8 10.Bf4 Ne5 11.Nd5 Nxd5 12.exd5 Bd6 13.Nf5 exf5 14.Bxe5 Kf8 15.Bc3 b5
16.Qd4 Rh7 17.Re2 Bb7 18.Rae1 Qc4 19.Qb6 Qc7 20.Qxc7 Bxc7 21.d6  1-0

[Event "XXVI Tadeusza Gniota"]
[Site "Police POL"]
[Date "2011.07.09"]
[Round "6.2"]
[White "Malisauskas,V"]
[Black "Olszewski,Mi"]
[Result "0-1"]
[WhiteElo "2477"]
[BlackElo "2541"]

1.e4 c5 2.Nf3 e6 3.d4 cxd4 4.Nxd4 a6 5.Nc3 b5 6.Bd3 Qb6 7.Nb3 Qc7 8.O-O Bb7
9.Qe2 d6 10.a4 b4 11.Na2 Nf6 12.Bd2 d5 13.e5 Nfd7 14.Bxb4 Bxb4 15.Nxb4 a5
16.Na2 Qxe5 17.Qxe5 Nxe5 18.Bb5+ Ke7 19.Rfe1 Ned7 20.c4 dxc4 21.Nd2 Nb6 22.Nxc4 Nxc4
23.Bxc4 Nc6 24.Bd5 Rhd8 25.Bf3 Rab8 26.Rac1 Nd4 27.Rc7+ Rd7 28.Rxd7+ Kxd7
29.Bxb7 Rxb7 30.Rd1 e5 31.f4 Ke6 32.fxe5 Ne2+ 33.Kf1 Rxb2 34.Nc1 Nc3 35.Rd3 Nxa4
36.Nb3 Rb1+ 37.Ke2 Nb2 38.Nc5+ Kxe5 39.Rb3 Kd4 40.Nd3 Na4 41.Ra3 Nc3+  0-1

[Event "ch-BEL Open"]
[Site "Antwerp BEL"]
[Date "2011.07.10"]
[Round "9.5"]
[White "De Schampheleire,G"]
[Black "Vanderwaeren,S"]
[Result "0-1"]
[WhiteElo "2263"]
[BlackElo "2161"]

1.d4 e6 2.Nf3 c5 3.e4 cxd4 4.Nxd4 a6 5.Nc3 Ne7 6.Be3 b5 7.Bd3 Nbc6 8.Nb3 Ng6
9.O-O Be7 10.f4 O-O 11.Qh5 f6 12.Rf3 Rf7 13.Rd1 Nf8 14.Kh1 Nb4 15.f5 Nxd3
16.Rxd3 Qc7 17.Bf4 Qb6 18.h4 Bb7 19.Rg3 b4 20.Bh6 bxc3 21.Bxg7 Rxg7 22.Qh6 Ng6
23.fxg6 Kh8 24.bxc3 Bxe4 25.Rxd7 Rd8 26.Rxd8+ Qxd8 27.Nd4 Qd6 28.Qe3 f5  0-1

[Event "ch-BEL Open"]
[Site "Antwerp BEL"]
[Date "2011.07.10"]
[Round "9.16"]
[White "Van Cappellen,J"]
[Black "Sneppe,H"]
[Result "1-0"]
[WhiteElo "2058"]
[BlackElo "1962"]

1.e4 e6 2.Nc3 c5 3.Nf3 a6 4.d4 cxd4 5.Nxd4 Qc7 6.Bd3 Nc6 7.Nb3 b5 8.O-O Nf6
9.f4 d6 10.Qe2 b4 11.Nb1 Be7 12.c3 O-O 13.Kh1 Bb7 14.Bd2 a5 15.a3 d5 16.e5 Ne4
17.Rc1 bxa3 18.Nxa3 Qb6 19.Bxe4 dxe4 20.Qb5 Qa7 21.Re1 Rad8 22.Be3 Qa8 23.Nc5 Bxc5
24.Qxc5 Rd5 25.Qc4 Rfd8 26.Qa4 Ne7 27.Nc4 Bc6 28.Qa3 Nc8 29.Nxa5 Be8 30.Kg1 Rd3
31.Nb3 Qd5 32.Nd4 Nb6 33.Qb4 Nc4 34.Kf2 Nxe3 35.Rxe3 Rd2+ 36.Kg1 Rd3 37.Kf2 Rd2+
38.Kf1 Rd3 39.Ra5 Qd7 40.Ke2 f6 41.Qb6 Bh5+ 42.Kf2 Rd2+ 43.Kg3 Rd3 44.Kf2 Rd2+
45.Kf1 Re8 46.exf6 Qf7 47.g3 Rxh2 48.b4 Bg4 49.Qc6 Bh3+ 50.Ke1 gxf6 51.Ra8 Rh1+
52.Kd2 Rxa8 53.Qxa8+ Kg7 54.Qxe4 Rh2+ 55.Re2 Rxe2+ 56.Qxe2 e5 57.fxe5 Qa2+
58.Ke3 Qxe2+ 59.Nxe2 fxe5 60.c4 Kf6 61.b5 Ke6 62.Nc3 Bg2 63.Ne4 Bf1 64.Nd2 Bg2
65.Kd3 Kd6 66.Kc3 Kc5 67.Nb3+ Kb6 68.Kb4 e4 69.c5+ Kb7 70.c6+ Kb6 71.Nd2 Kc7
72.Nc4 Bf1 73.Kc5 Kb8 74.b6 Bg2 75.c7+  1-0

[Event "St Pauli Open"]
[Site "Hamburg GER"]
[Date "2011.07.10"]
[Round "2.41"]
[White "Freter,A"]
[Black "Johannsen,D"]
[Result "0-1"]
[WhiteElo "1936"]
[BlackElo "2083"]

1.e4 c5 2.Nf3 e6 3.d4 cxd4 4.Nxd4 a6 5.Nc3 b5 6.Bd3 Qc7 7.O-O Nf6 8.Bg5 Bb7
9.Bxf6 gxf6 10.Qh5 Nc6 11.Nxc6 Qxc6 12.Ne2 Rc8 13.Rad1 Qb6 14.Ng3 Bd6 15.Qh6 Bxg3
16.hxg3 e5 17.Rd2 Rg8 18.Qh3 Bc6 19.Rfd1 Rd8 20.Be2 Qc5 21.Qxh7 Qf8 22.Qf5 Qh6
23.Bg4 d5 24.exd5 Bd7 25.Qh5 Qg7 26.Bxd7+ Rxd7 27.Qf3 Rd6 28.Kf1 Qh7 29.Ke2 Kd7
30.Qe3 Rc8 31.c3 Rc4 32.f3 Qg6 33.Kf2 Qh5 34.b3 Rc7 35.Rc1 f5 36.Qxe5 Qg5
37.Qf4 Qf6 38.Qd4 Qg5 39.c4 bxc4 40.bxc4 Rg6 41.Qf4 Qxf4 42.gxf4 Kd6 43.Ke3 Kc5
44.Rb2 Rg8 45.Kd3 Re7 46.Rcc2 Re1 47.Re2 Rd1+ 48.Rbd2 Rc1 49.Rc2 Rd1+ 50.Kc3 Rd4
51.Red2 Rxf4 52.d6 Rxc4+ 53.Kd3 Rxc2 54.Kxc2 Rd8 55.Kc3 Rxd6 56.Rxd6 Kxd6
57.Kd4 f6 58.f4 Kc6 59.Kc4 Kd6 60.Kb4 Kd5 61.Ka5 Ke4 62.g3 Kf3 63.Kxa6 Kxg3
64.Kb6 Kxf4 65.a4 Ke3 66.a5 f4 67.a6 f3 68.a7 f2 69.a8=Q f1=Q 70.Qa3+ Kf4
71.Qd6+ Kg5 72.Qd2+ Qf4 73.Qg2+ Kf5 74.Qh3+ Ke5 75.Qh5+ f5 76.Qe8+ Kd4 77.Qa4+ Ke3
78.Qb3+ Kf2 79.Qc2+ Kg3 80.Qd3+ Qf3 81.Qd6+ f4 82.Qg6+ Qg4 83.Qd3+ f3 84.Qd6+ Kg2
85.Qd2+ Kh1 86.Qh6+ Kg2 87.Qd2+ Kg3 88.Qd6+ Qf4 89.Qg6+ Kh2 90.Qh5+ Kg2 91.Qg6+ Qg3
92.Qe4 Qf2+ 93.Kb7 Qb2+ 94.Kc7 Qc3+ 95.Kb7 Kf2 96.Qh4+ Ke2 97.Qe4+ Kd2 98.Qf4+ Kd1
99.Qa4+ Qc2 100.Qd4+ Qd2 101.Qa1+ Ke2 102.Qe5+ Kf1 103.Qb5+ Ke1 104.Qe5+ Kf1
105.Qa1+ Qe1 106.Qa6+ Kg2 107.Qg6+ Qg3 108.Qe4 Kh2 109.Qh7+ Qh3 110.Qc2+ Kg3
111.Qg6+ Qg4 112.Qd6+ Kg2 113.Qd5 Qg7+ 114.Kb6 Qg6+ 115.Kb7 Kg3 116.Qe5+ Kh3
117.Qe3 Qf7+ 118.Kb8 Qf8+ 119.Ka7 Qg7+ 120.Kb8 Qg3+ 121.Kc8 f2 122.Qh6+ Qh4
123.Qf8 Qc4+  0-1

[Event "Lev Polugaevsky Mem"]
[Site "Samara RUS"]
[Date "2011.07.10"]
[Round "6"]
[White "Pogonina,N"]
[Black "Maletin,P"]
[Result "0-1"]
[WhiteElo "2442"]
[BlackElo "2575"]

1.e4 c5 2.Nf3 e6 3.d4 cxd4 4.Nxd4 a6 5.Nc3 Qc7 6.Be2 Bb4 7.O-O Nf6 8.Bd3 Bc5
9.Nb3 Be7 10.Qe2 d6 11.f4 Nc6 12.Bd2 b5 13.Rae1 b4 14.Nd1 a5 15.e5 dxe5 16.fxe5 Nd7
17.Bf4 a4 18.Nd2 Nc5 19.Bc4 Nd4 20.Qg4 Nf5 21.Ne3 O-O 22.Rf3 g6 23.Rh3 Bb7
24.Nf3 Ne4 25.Bd3 Qc5 26.Ng5 h5 27.Rxh5 gxh5 28.Qxh5 Bxg5 29.Bxg5 Ng7 30.Qh6 Nxg5
31.Qxg5 f5  0-1

[Event "St Pauli Open"]
[Site "Hamburg GER"]
[Date "2011.07.11"]
[Round "4.17"]
[White "Bildat,J"]
[Black "Stelting,T"]
[Result "0-1"]
[WhiteElo "2106"]
[BlackElo "2252"]

1.e4 c5 2.Nf3 e6 3.d4 cxd4 4.Nxd4 a6 5.Nc3 Ne7 6.Be3 Nbc6 7.Qd2 Nxd4 8.Bxd4 Nc6
9.Be3 b5 10.O-O-O Bb7 11.f3 Be7 12.Kb1 d6 13.Bf4 Ne5 14.Bxe5 dxe5 15.Qxd8+ Rxd8
16.Rxd8+ Kxd8 17.Bd3 Kc7 18.Rd1 Bc6 19.Ne2 Rd8 20.Nc1 g6 21.c3 f5 22.Kc2 a5
23.Nb3 Kb6 24.Nd2 Bg5 25.Nf1 h5 26.Re1 Bf6 27.Nd2 f4 28.c4 b4 29.Ra1 Be7
30.c5+ Bxc5 31.Nc4+ Kc7 32.Nxa5 Ba4+ 33.b3 Bd4 34.Rd1 Be8 35.Nc4 g5 36.Nb2 g4
37.Bc4 h4 38.fxg4 Bg6 39.Bd3 h3 40.gxh3 Rh8 41.Rd2 Rxh3 42.Nd1 Rh4 43.Nf2 Rxh2
44.Nd1 Rh1 45.a3 bxa3 46.b4 a2 47.Bc4 a1=Q 48.Bd3 Rxd1 49.Rxd1 Qb2+  0-1

[Event "XXVI Tadeusza Gniota"]
[Site "Police POL"]
[Date "2011.07.11"]
[Round "7.11"]
[White "Chlost,M"]
[Black "Maes,W"]
[Result "0-1"]
[WhiteElo "2198"]
[BlackElo "2245"]

1.e4 c5 2.Nf3 e6 3.d4 cxd4 4.Nxd4 a6 5.Nc3 Qc7 6.Be2 Nf6 7.O-O Bb4 8.Qd3 Nc6
9.Kh1 Nxd4 10.Qxd4 Bc5 11.Qd3 b5 12.Bg5 Bb7 13.a3 h6 14.Bh4 Bd6 15.Rad1 Be5
16.Bg3 Bxg3 17.fxg3 O-O 18.Qd4 d5 19.Rxf6 gxf6 20.Qxf6 dxe4 21.Rf1 Kh7 22.Bh5 Qd8
23.Qe5 f5 24.Rd1 Qe7 25.Rd6 Bc8 26.Nd5 Qg7 27.Qf4 exd5 28.Rg6 Qxg6 29.Bxg6+ Kxg6
30.Qd6+ Rf6 31.Qxd5 Bb7 32.Qxb7 Re8 33.Qd7 Rfe6 34.Kg1 e3 35.Kf1 R8e7 36.Qd3 e2+
37.Ke1 Kf6 38.Qd4+ Kf7 39.Qd8 Re5 40.Qd6 R7e6 41.Qd7+ Re7 42.Qd6 h5 43.Qd8 R5e6
44.Qd5 Kg6 45.Qd8 Re4 46.Qd6+ R7e6 47.Qd7 Kf6 48.Qd8+ Ke5 49.Qh8+ Kd5 50.Qa8+ Rc6
51.Qb7 Re6 52.Qa8 Kc5 53.Qa7+ Kd6 54.Qd4+ Ke7 55.Qg7+ Kd8 56.Qg8+ Kc7 57.Qg7+ Kb8
58.Qg8+ Kb7 59.Qg7+ Rc7 60.Qd4 Ree7 61.Qd5+ Kb8 62.Qd8+ Kb7 63.Qd5+ Rc6 64.Qd8 Rce6
65.Qd5+ Kc7 66.Qc5+ Kd7 67.Qa7+ Ke8 68.Qa8+ Kf7 69.Qd5 Kg6 70.Qd8 Re4 71.Qd6+ R7e6
72.Qd7 Kf6 73.Qd8+ Ke5 74.Qh8+ Kd5 75.Qa8+ Rc6 76.Qb7 Re6 77.Qa8 Kc5 78.Qa7+ Kd6
79.Qd4+ Kc7 80.Qa7+ Kc8 81.Qa8+ Kd7 82.Qb7+ Rc7 83.Qd5+ Ke7 84.Qxf5 Rd7 85.Qg5+ Kd6
86.b4 Kc6  0-1

[Event "Nana Aleksandria Cup"]
[Site "Poti GEO"]
[Date "2011.07.11"]
[Round "1"]
[White "Choladze,M"]
[Black "Hayrapetian,O"]
[Result "0-1"]
[WhiteElo "1836"]
[BlackElo "2406"]

1.e4 c5 2.Nf3 e6 3.d4 cxd4 4.Nxd4 a6 5.Nc3 Qc7 6.Be2 Nf6 7.O-O Nc6 8.Be3 Bb4
9.Na4 Bd6 10.f4 Nxe4 11.Nxc6 bxc6 12.Bb6 Qb8 13.Bd4 Bxf4 14.g3 Bxg3 15.hxg3 Qxg3+
16.Kh1 c5 17.Bxc5 Nxc5 18.Nxc5 Qh4+ 19.Kg2 Qg5+ 20.Bg4 Qxc5 21.Qf3 Qc6 22.Qxc6 dxc6
23.Bf3 Bb7  0-1

[Event "3rd International Open"]
[Site "Rethymno GRE"]
[Date "2011.07.11"]
[Round "1"]
[White "Harokopakis,G"]
[Black "Bosiocic,Mari"]
[Result "0-1"]
[WhiteElo "1932"]
[BlackElo "2573"]

1.e4 c5 2.Nf3 e6 3.d4 cxd4 4.Nxd4 a6 5.Nc3 b5 6.Bd3 Bb7 7.O-O Qc7 8.Qe2 Nc6
9.Nxc6 Bxc6 10.a4 b4 11.Nd5 Qb7 12.Bf4 d6 13.a5 Nf6 14.Bxa6 Rxa6 15.Qxa6 exd5
16.Qxb7 Bxb7 17.a6 Ba8 18.Ra4 Kd7 19.Rxb4 Be7 20.exd5 Nxd5 21.Rc4 Rb8 22.b3 Bf6
23.Bd2 Bc6 24.Rg4 Nc7 25.Bg5 h5 26.Rg3 Be5 27.Rh3 g6 28.a7 Ra8 29.Rd1 Rxa7
30.f4 Bg7 31.f5 gxf5 32.Bf4 Nd5 33.Rxh5 Nxf4 34.Rxf5 Ne2+ 35.Kf1 Ke6 36.Rg5 Nc3
37.Re1+ Be5 38.g4 Ra2 39.h4 Rxc2  0-1